LEADER 01196nam a2200265 4500 001 000000362092 003 CaOOAMICUS 005 20250317102940.0 008 250312s1991 fr 000 u fre r 020 $a2-7189-0539-5 040 $aSeMil$bita 245 00$aSauvegarde et gérance de la création /$csous la direction de René Coste et Jean-Pierre Ribaut ; avec la collaboration de: Calliope Beaud ... [et al.]. 264 1$aParis :$bDesclée,$c1991. 300 $a290 p. ;$c24 cm 650 4$aAmbiente naturale - Concezione cristiana.$0(OLS)http://semarc/subject/10414 700 1 $aCoste, René,$d<1922- >.$0(OLS)http://semarc/name/15375 700 1 $aBeaud, Calliope.$0(OLS)http://semarc/name/121668 700 1 $aRibaut, Jean-Pierre.$0(OLS)http://semarc/name/21541 850 $aSeMil 852 $aSeMil$W1$xVenegono$y1$m2D VI 57$j255190$B253029$CSeMilBibl$Z2$F253029 $81 961 $aManzi don Franco - Omaggio 996 $6020$a2-7189-0539-5$9(OLS)http://semarc/number/302723 996 $6245$aSauvegarde et gérance de la création$9(OLS)http://semarc/title/452950 996 $6264$aParis :$bDesclée$9(OLS)http://semarc/publisher/29855 LEADER 01351nam a2200289 i 4500 001 000000120846 003 CaOOAMICUS 005 20031128000000.0 008 031128s1962 it u000 u ita u 013 $a93540 040 $aSeMil$bita 100 1 $aCapelle, Bernard,$c.$0(OLS)http://semarc/name/32353 240 10$aCommentaire des Collectes dominicales du Missel romain.$0(OLS)http://semarc/title/177876 245 10$aCommento delle Collette domenicali del Messale Romano /$cBernard Capelle. 260 $aMilano :$bOpera della Regalità di N.S.G.C.,$c[Imprim. 1962] 300 $a127 p. ;$c20 cm. 490 0 $aSussidi liturgico-pastorali ;$v4 500 $aFondo Card. C.M. Martini. 650 4$aMessale romano - Commenti e studi.$0(OLS)http://semarc/subject/290 650 4$aMessale romano - Collette domenicali - Commenti e studi.$0(OLS)http://semarc/subject/22770 830 0$aSussidi liturgico-pastorali ;$v4.$0(OLS)http://semarc/title/7021 850 $aSeMil 852 $aSeMil$W1$xVenegono$y1$m3K I 37$j75976$B75976$CSeMilBibl$Z2$F98914 $81 941 1 $a4 961 $aOmaggio: Martini Card. Carlo Maria 996 $6245$aCommento delle Collette domenicali del Messale Romano$9(OLS)http://semarc/title/177875 996 $6260$aMilano :$bOpera della Regalità di N.S.G.C.$9(OLS)http://semarc/publisher/29788